History Quiz

Random History or Clickable Quiz
Score 0/35 Timer 08:00
0 Plays Today
% Correct
Leonardo
98.2%
William
96.9%
Mona
96.4%
Sistine
95.1%
Martin
94.3%
Last
93.7%
Galileo
93%
Don
92.2%
Divine
92%
Paradise
89.6%
Pope
89.6%
Twelfth
89.5%
Francis
85.1%
Ninety-Five
82%
Gutenberg
80.9%
Linear
78.1%
Niccolò
75.7%
Dante
74.9%
% Correct
Thomas
72.8%
Vitruvian
68.4%
Lorenzo
68%
Jan
64.5%
Doctor
61.5%
Albrecht
59.4%
Hans
58.3%
Tycho
51.2%
Hieronymus
50.6%
Sandro
46.6%
François
44.5%
Desiderius
42%
De
41.5%
Filippo
30.4%
Baldassare
23.5%
Paolo
21.4%
Andrea
19.9%
Remove Ads.
Support Sporcle.
Get the best of Sporcle when you Go Orange. This ad-free experience offers more features, more stats, and more fun while also helping to support Sporcle. Thank you for becoming a member.

You're not logged in!

Compare scores with friends on all Sporcle quizzes.
OR
Log In

Show Comments

Extras

Top Quizzes Today


Score Distribution

Your Account Isn't Verified!

In order to create a playlist on Sporcle, you need to verify the email address you used during registration. Go to your Sporcle Settings to finish the process.

Report this User

Report this user for behavior that violates our Community Guidelines.

Details: